Busiest Airports in South America - Statistics

General Stats
  • This quiz has been taken 381 times
  • The average score is 19 of 25
Answer Stats
Passengers Airport % Correct
32.7M Bogota
99%
11.2M Buenos Aires-International
99%
13.4M Buenos Aires-Newbery
99%
23.8M Lima
99%
15.0M Rio de Janeiro-Galeao
99%
9.2M Rio de Janeiro-Santos Dumont
99%
23.3M Santiago
98%
22.0M Sao Paulo-Congonhas
98%
42.2M Sao Paulo-Guarulhos
98%
17.9M Brasilia
96%
3.9M Caracas
94%
5.2M Quito
89%
8.0M Medellin
81%
10.6M Belo Horizonte
77%
8.4M Recife/Guararapes
77%
4.9M Cali
73%
8.3M Porto Alegre
68%
6.6M Fortaleza
67%
8.0M Salvador
67%
3.9M Guayaquil
63%
5.4M Cartagena
52%
6.3M Curitiba
50%
3.8M Cusco
46%
9.2M Campinas
38%
3.8M Florianopolis
22%
No matching quizzes found
Score Distribution
Percent of People with Each Score
Percentile by Number Answered
Your Score History
You have not taken this quiz